Velké maličkosti /

Hlavní autor: Smetáček, Vladimír, 1939-2018
Další autoři: Šedivý, Ivo, 1933-1987
Jazyk: Čeština
Vydáno: Praha : Albatros, 1980
Vydání: 1. vyd.
Externí odkaz: Digitalizovaný dokument
Fyzický popis: Nestr.
Knihy
Uloženo v:
LEADER 01067nam a22002772a 4500
001 000192511
003 CZ BrMZK
005 20080826120746.0
007 ta
008 970107s1980 xr f cze d
015 |a cnb000406372 
035 |a (OCoLC)42170836 
040 |a BOA001  |b cze 
100 1 |a Smetáček, Vladimír,  |d 1939-2018  |7 jk01120037 
245 1 0 |a Velké maličkosti /  |c Vladimír Smetáček ; ilustroval Ivo Šedivý 
250 |a 1. vyd. 
260 |a Praha :  |b Albatros,  |c 1980 
300 |a Nestr. 
521 1 |a Pro děti od 4 let 
500 |a Dostupné též v digitální podobě v aplikaci Kramerius 
700 1 |a Šedivý, Ivo,  |d 1933-1987  |7 jz8601019 
856 4 1 |u http://www.digitalniknihovna.cz/mzk/uuid/uuid:6e18a350-5a2f-11e6-8336-005056827e52  |y Digitalizovaný dokument  |x NDK 
910 |a BOA001  |b PK-0088.889  |b 3-0824.753 
990 |a BK 
996 6 |b 2618704132  |c 3-0824.753  |l MZK  |r Sklad / do 1 hodiny  |n 0  |w 000192511  |u 000020  |a 1  |e BOA001  |j MZK50  |s P 
996 7 |b 3119948860  |c PK-0088.889  |l MZK  |r Sklad / do 1 hodiny  |n 3  |w 000192511  |u 000010  |a 1  |e BOA001  |j MZK50  |s A